Pluralismo y conflicto en Carara : de la crisis regresiva y la paradoja al optimismo /

En este artículo se realiza una discusión sobre el concepto e implicaciones del estilo de desarrollo que se ha impulsado en la zona montañosa de Carara como un ejemplo regresivo que contraviene el sistema social y ecosistema.

محفوظ في:
التفاصيل البيبلوغرافية
المؤلف الرئيسي: Lobo Montoya, Diego
التنسيق: نص
الموضوعات:
الوسوم: إضافة وسم
لا توجد وسوم, كن أول من يضع وسما على هذه التسجيلة!

MARC

LEADER 00000 a a2200000 04500
001 41076
003
040
100 |a Lobo Montoya, Diego  
245 |a Pluralismo y conflicto en Carara :   |b de la crisis regresiva y la paradoja al optimismo /  |c Diego Lobo Montoya  
500 |a diego.lobo@ucr.ac.cr  
520 |a En este artículo se realiza una discusión sobre el concepto e implicaciones del estilo de desarrollo que se ha impulsado en la zona montañosa de Carara como un ejemplo regresivo que contraviene el sistema social y ecosistema.  
590 |a RRA/JUNIO2011  
650 |a 1.SISTEMA SOCIAL  
650 |a 2.ECOSISTEMAS  
650 |a 3.CONFLICTOS  
650 |a 4.COSTA RICA  
773 |g volumen 88, número 2 ( , 2009), páginas 17-25 : fotos  
999 |c 29770  |d 29770